00746nam a2200169Ia 450000500170000000800410001702000180005808200260007610000210010224501070012326000350023030000120026565000550027794200070033299900190033995202180035820250318141229.0231217s9999 xx 000 0 und d a9788120333222 a001.6424UML MAT;1 R aMatha, Mahesh P. 0aObject oriented analysis and design using UML : an introduction to unified process and design patterns c2008bPrentice HallaNew Delhi axiv+347 aObject,oriented,using,UML,unified,process,patterns cAA c183363d183363 r2024-01-26 00:00:00l0o001.6424UML MAT;1 Rp54688W20udigital/contents/54688.pdfv236.00w2024-01-26yAA1040708CS00K12L26/01/2013aMLbMLcCSd2009-07-07eSapna Book Houseg295.00ECSGRSF1V59URupees